Biochemistry / (Record no. 23123)
[ view plain ]
| 000 -LEADER | |
|---|---|
| fixed length control field | 00774nam a22002295a 4500 |
| 005 - DATE AND TIME OF LATEST TRANSACTION | |
| control field | 20081202064115.0 |
| 008 - FIXED-LENGTH DATA ELEMENTS--GENERAL INFORMATION | |
| fixed length control field | 081025s2008 ii b 001 0 eng |
| 010 ## - LCCN (DPL NO) | |
| LC control number | ENG-92894 |
| 020 ## - INTERNATIONAL STANDARD BOOK NUMBER | |
| Terms of availability | 150.00 |
| International Standard Book Number | 9788184351156 |
| 035 ## - SYSTEM CONTROL NUMBER | |
| System control number | EN-76427 |
| 037 ## - SOURCE OF ACQUISITION | |
| Source of stock number/acquisition | DBAD / PUB |
| 040 ## - CATALOGING SOURCE | |
| Original cataloging agency | dpl |
| Language of cataloging | English |
| 082 ## - DEWEY DECIMAL CLASSIFICATION NUMBER | |
| Classification number | 572 |
| 100 ## - MAIN ENTRY--PERSONAL NAME | |
| Personal name | Poline, M. Eathel |
| 245 ## - TITLE STATEMENT | |
| Title | Biochemistry / |
| Statement of responsibility, etc | by M. Eathel Poline |
| 260 ## - PUBLICATION, DISTRIBUTION, ETC. (IMPRINT) | |
| Place of publication, distribution, etc | Dindigul |
| Name of publisher, distributor, etc | Ayyanar Book Centre |
| Date of publication, distribution, etc | 2008 |
| 270 ## - ADDRESS | |
| Address | 14, Dudley School Buildng, |
| City | Dindigul |
| Postal code | 1 |
| 300 ## - PHYSICAL DESCRIPTION | |
| Extent | i, 126p.: |
| Dimensions | 23 cm (pbk) |
| Other physical details | ill. |
| 650 ## - SUBJECT ADDED ENTRY--TOPICAL TERM | |
| Topical term or geographic name as entry element | Biochemistry. |
| 942 ## - ADDED ENTRY ELEMENTS (KOHA) | |
| Source of classification or shelving scheme | Dewey Decimal Classification |
| Item type | English Books |
| Call number suffix | POL |
| Classification part | 572 |
| Withdrawn status | Lost status | Source of classification or shelving scheme | Damaged status | Not for loan | Collection code | Home library | Current library | Date acquired | Source of acquisition | Cost, normal purchase price | Total Checkouts | Full call number | Barcode | Date last seen | Copy number | Cost, replacement price | Koha item type |
|---|---|---|---|---|---|---|---|---|---|---|---|---|---|---|---|---|---|
| Dewey Decimal Classification | Not For Loan | Non-fiction | D.B.Act.Division | D.B.Act.Division | 06/02/2009 | DBAD / PUB | 150.00 | 572 POL | EN-76427 | 06/02/2009 | 1 | 150.00 | English Books |
